000 00966nam a2200217 a 4500
003 0
005 20250426112306.0
008 970114s19uu xx 00 eng d
050 _aPGS GV 181.5
_b.C967 2003
100 _aCulalic, Raemund Vier E.
245 _aRecreation among the Aeta children in two resettlement areas: Barangay Linasin, Canaynayan and Barangay Bihawo, Botolona in Zambales /
_cRaemund Vier E. Culalic.
260 _aLas PiƱas City, Philippines :
_bSouthville International School and Colleges,
_c2003.
300 _a45 pages :
_billustrations ;
_c28 cm.
504 _aIncludes bibliographical references.
650 _aAeta (Philippine people)
_zPhilippines
_zZambales.
650 _aChildren
_vRecreation
_zPhilippines
_zZambales.
650 _a Recreation
_vSocial aspects
_zPhilippines.
650 _aIndigenous children
_zPhilippines
_zZambales.
650 _aResettlement
_vSocial aspects
_zPhilippines
_zZambales.
942 _2lcc
_cPASS
999 _c96850
_d96850